Un solo de clarinete / (Registro nro. 12120)

Detalles MARC
000 -LEADER
fixed length control field 01150nam a2200373 i 4500
001 - CONTROL NUMBER
control field 00336
003 - CONTROL NUMBER IDENTIFIER
control field DO-SdBNP
005 - DATE AND TIME OF LATEST TRANSACTION
control field 20180216143527.0
007 - PHYSICAL DESCRIPTION FIXED FIELD--GENERAL INFORMATION
fixed length control field 00336
008 - FIXED-LENGTH DATA ELEMENTS--GENERAL INFORMATION
fixed length control field 921124s1988 sp | a | | spa d
016 7# - NATIONAL BIBLIOGRAPHIC AGENCY CONTROL NUMBER
Record control number
Canceled/invalid record control number
Source BPMSU
017 ## - COPYRIGHT OR LEGAL DEPOSIT NUMBER
Copyright or legal deposit number
Assigning agency
020 ## - INTERNATIONAL STANDARD BOOK NUMBER
International Standard Book Number 8434813092
035 ## - SYSTEM CONTROL NUMBER
System control number (OCoLC)
040 ## - CATALOGING SOURCE
Original cataloging agency BPMSU
Language of cataloging spa
Transcribing agency BPMSU
080 #4 - UNIVERSAL DECIMAL CLASSIFICATION NUMBER
Universal Decimal Classification number
082 ## - DEWEY DECIMAL CLASSIFICATION NUMBER
Classification number 863.6
Item number A448u 1988
100 1# - MAIN ENTRY--PERSONAL NAME
Personal name Almena, Fernando
Dates associated with a name 1943-
245 13 - TITLE STATEMENT
Title Un solo de clarinete /
Statement of responsibility, etc. Fernando Almena; ilustraciones, Margarita Puncel.
Medium
250 ## - EDITION STATEMENT
Edition statement 7a. ed.
260 ## - PUBLICATION, DISTRIBUTION, ETC. (IMPRINT)
Place of publication, distribution, etc. Madrid :
Name of publisher, distributor, etc. SM,
Date of publication, distribution, etc. 1988.
300 ## - PHYSICAL DESCRIPTION
Extent 107 p. :
Other physical details il. ;
Dimensions 19 cm
490 1# - SERIES STATEMENT
Series statement El barco de vapor ;
-- Serie Naranja
Volume/sequential designation 68.
500 ## - GENERAL NOTE
General note A partir de 9 años
586 ## - AWARDS NOTE
Awards note Premio El barco de vapor 1983
586 ## - AWARDS NOTE
Awards note Premio Nacional a la mejor labor editorial en literatura infantil 1982
650 ## - SUBJECT ADDED ENTRY--TOPICAL TERM
Topical term or geographic name as entry element CUENTOS INFANTILES ESPAÑOLES
650 ## - SUBJECT ADDED ENTRY--TOPICAL TERM
Topical term or geographic name as entry element LITERATURA INFANTIL ESPAÑOLA
700 12 - ADDED ENTRY--PERSONAL NAME
Personal name Puncel, Margarita,
Relator term il.
830 #3 - SERIES ADDED ENTRY--UNIFORM TITLE
Uniform title El barco de vapor
Volume number/sequential designation 68
Key for music Serie naranja
942 ## - ADDED ENTRY ELEMENTS (KOHA)
Source of classification or shelving scheme Dewey Decimal Classification
Koha item type Libros
945 ## - LOCAL PROCESSING INFORMATION (OCLC)
a Inventariado, 2018 /LP
956 ## - LOCAL ELECTRONIC LOCATION AND ACCESS (OCLC)
Host name VMATEO
Access number 10
Compression information 20161123
Path BPMSU
Electronic name 0069
Existencias
Withdrawn status Lost status Source of classification or shelving scheme Damaged status Not for loan Collection code Home library Current library Date acquired Source of acquisition Total Checkouts Full call number Barcode Date last seen Price effective from Koha item type
    Dewey Decimal Classification     Colección Infantil General Biblioteca Pública Metropolitana Salomé Ureña Biblioteca Pública Metropolitana Salomé Ureña 11/28/2016 FUNDI   863.6 A448u 1988 BPMSU16111577 11/28/2016 11/28/2016 Libros